<?xml version="1.0" encoding="UTF-8"?>
<record
    xmlns:xsi="http://www.w3.org/2001/XMLSchema-instance"
    xsi:schemaLocation="http://www.loc.gov/MARC21/slim http://www.loc.gov/standards/marcxml/schema/MARC21slim.xsd"
    xmlns="http://www.loc.gov/MARC21/slim">

  <leader>02039    a2200157   4500</leader>
  <datafield tag="999" ind1=" " ind2=" ">
    <subfield code="c">25910</subfield>
    <subfield code="d">25910</subfield>
  </datafield>
  <datafield tag="020" ind1=" " ind2=" ">
    <subfield code="a">9780367264482</subfield>
  </datafield>
  <datafield tag="082" ind1=" " ind2=" ">
    <subfield code="a">351.09</subfield>
    <subfield code="b">BAS-P</subfield>
  </datafield>
  <datafield tag="100" ind1=" " ind2=" ">
    <subfield code="a">Basu,Rumki</subfield>
  </datafield>
  <datafield tag="245" ind1=" " ind2=" ">
    <subfield code="a">Public administration in the 21st century: a global south perspective</subfield>
  </datafield>
  <datafield tag="260" ind1=" " ind2=" ">
    <subfield code="b">Routledge</subfield>
    <subfield code="c">2019</subfield>
  </datafield>
  <datafield tag="300" ind1=" " ind2=" ">
    <subfield code="a">xii, 110p.</subfield>
  </datafield>
  <datafield tag="504" ind1=" " ind2=" ">
    <subfield code="a">Include Index</subfield>
  </datafield>
  <datafield tag="520" ind1=" " ind2=" ">
    <subfield code="a">Public Administration has experienced a fundamental rethinking of its basic objectives, concepts and theories during the 21st century. This book examines the transformations happening in global societies, the economy and in politics, to trace the trajectory of public administration as an academic discipline as well as being a focus of social science research. It presents a reassessment of governance in heterogenous developing countries that goes beyond the traditional Weberian bureaucratic model, toward new models of organization and management, informed by their legal, constitutional, economic and political needs, aspirations and ground realities. This is especially important in relation to the marginalized sections of society that primarily rely on citizen entitlements through public service delivery systems. The author looks at widening the range and scope of public administrative agencies with the gradual cooperation of multiple actors, such as the civil society, people at large and even the private sector, in a partnering role. The author revisits the discipline to tackle intellectual dilemmas that current governance theories and practices are confronting, or will have to confront in future administrative situations. There will be key discussions on mandates and challenges for the state regarding the rising South; this book will be indispensable to scholars and researchers of politics, especially governance and public policy, sociology and development studies. It will also be of interest to bureaucrats, NGOs and government officials.</subfield>
  </datafield>
  <datafield tag="650" ind1=" " ind2=" ">
    <subfield code="a">Public administration</subfield>
    <subfield code="v">Developing countries</subfield>
    <subfield code="v">Politics and government</subfield>
    <subfield code="v">Economic history</subfield>
    <subfield code="v">21st century</subfield>
  </datafield>
  <datafield tag="942" ind1=" " ind2=" ">
    <subfield code="2">ddc</subfield>
    <subfield code="c">BK</subfield>
  </datafield>
  <datafield tag="952" ind1=" " ind2=" ">
    <subfield code="0">0</subfield>
    <subfield code="1">0</subfield>
    <subfield code="4">0</subfield>
    <subfield code="7">0</subfield>
    <subfield code="a">NASSDOC</subfield>
    <subfield code="b">NASSDOC</subfield>
    <subfield code="d">2019-12-30</subfield>
    <subfield code="e">OP</subfield>
    <subfield code="g">507.35</subfield>
    <subfield code="i">2019-12-20</subfield>
    <subfield code="l">1</subfield>
    <subfield code="o">351.09 BAS-P</subfield>
    <subfield code="p">50729</subfield>
    <subfield code="r">2026-01-29 15:59:42</subfield>
    <subfield code="s">2025-11-10</subfield>
    <subfield code="v">695.00</subfield>
    <subfield code="w">2019-12-30</subfield>
    <subfield code="y">BK</subfield>
  </datafield>
</record>
